<?xml version="1.0" encoding="UTF-8"?>
<record
    xmlns:xsi="http://www.w3.org/2001/XMLSchema-instance"
    xsi:schemaLocation="http://www.loc.gov/MARC21/slim http://www.loc.gov/standards/marcxml/schema/MARC21slim.xsd"
    xmlns="http://www.loc.gov/MARC21/slim">

  <leader>01051na  a2200277   4500</leader>
  <controlfield tag="001">21311</controlfield>
  <controlfield tag="003">MIRAKIL</controlfield>
  <controlfield tag="005">20181213154809.0</controlfield>
  <controlfield tag="008">170203b        tu            000 0      </controlfield>
  <datafield tag="020" ind1=" " ind2=" ">
    <subfield code="a">9756889047</subfield>
  </datafield>
  <datafield tag="035" ind1=" " ind2=" ">
    <subfield code="a">15247</subfield>
  </datafield>
  <datafield tag="040" ind1=" " ind2=" ">
    <subfield code="a">Milas</subfield>
    <subfield code="b">tur</subfield>
    <subfield code="c">TR-AnCHP</subfield>
  </datafield>
  <datafield tag="041" ind1=" " ind2=" ">
    <subfield code="a">tur</subfield>
  </datafield>
  <datafield tag="082" ind1=" " ind2=" ">
    <subfield code="a">CHP 324.2172</subfield>
    <subfield code="b">C85c 1999</subfield>
  </datafield>
  <datafield tag="090" ind1=" " ind2=" ">
    <subfield code="a">CHP 324.2372 C85c 1999</subfield>
  </datafield>
  <datafield tag="111" ind1=" " ind2=" ">
    <subfield code="a">Cumhuriyet Halk Partisi Paneli</subfield>
    <subfield code="c">&#xC7;ankaya Belediyesi &#xC7;a&#x11F;da&#x15F; Sanatlar M&#xFC;zesi, Ankara</subfield>
    <subfield code="d">16 Haziran 1999</subfield>
  </datafield>
  <datafield tag="245" ind1=" " ind2=" ">
    <subfield code="a">"Cumhuriyet Halk Partisi" Paneli</subfield>
    <subfield code="c">[D&#xFC;zenleyen] M&#xFC;lkiyeliler Birli&#x11F;i Genel Merkezi ; Y&#xF6;neten Hasan Tahsin Benli; konu&#x15F;mac&#x131;lar Prof. Dr. Ay&#x15F;e Ayata, Prof. Dr. Alparsaln I&#x15F;&#x131;kl&#x131;, Prof. Dr. Yakup Kepenek</subfield>
  </datafield>
  <datafield tag="246" ind1=" " ind2=" ">
    <subfield code="a">CHP paneli</subfield>
  </datafield>
  <datafield tag="260" ind1=" " ind2=" ">
    <subfield code="a">Ankara</subfield>
    <subfield code="b">M&#xFC;lkiyeliler Birli&#x11F;i Genel Merkezi</subfield>
    <subfield code="c">1999</subfield>
  </datafield>
  <datafield tag="300" ind1=" " ind2=" ">
    <subfield code="a">55 s.</subfield>
    <subfield code="c">23 sm.</subfield>
  </datafield>
  <datafield tag="440" ind1=" " ind2=" ">
    <subfield code="a">M&#xFC;lkiyeliler Birli&#x11F;i Genel Merkezi</subfield>
    <subfield code="v">3</subfield>
  </datafield>
  <datafield tag="610" ind1=" " ind2=" ">
    <subfield code="a">Cumhuriyet Halk Partisi (CHP)</subfield>
  </datafield>
  <datafield tag="651" ind1=" " ind2=" ">
    <subfield code="a">T&#xFC;rkiye</subfield>
    <subfield code="x">Toplant&#x131;lar</subfield>
    <subfield code="y">CHP</subfield>
  </datafield>
  <datafield tag="710" ind1=" " ind2=" ">
    <subfield code="a">M&#xFC;lkiyeliler Birli&#x11F;i Genel Merkezi</subfield>
  </datafield>
  <datafield tag="942" ind1=" " ind2=" ">
    <subfield code="2">ddc</subfield>
    <subfield code="c">BKS</subfield>
  </datafield>
  <datafield tag="952" ind1=" " ind2=" ">
    <subfield code="5">1</subfield>
    <subfield code="a">0001</subfield>
    <subfield code="b">0001</subfield>
    <subfield code="d">2017-02-03</subfield>
    <subfield code="e">2</subfield>
    <subfield code="f"> CHP</subfield>
    <subfield code="l">0</subfield>
    <subfield code="o">CHP 324.2372 C85c 1999</subfield>
    <subfield code="p">013373</subfield>
    <subfield code="r">2017-02-03 00:00:00</subfield>
    <subfield code="v">0.00</subfield>
    <subfield code="w">2017-02-03</subfield>
    <subfield code="y">BKS</subfield>
  </datafield>
  <datafield tag="999" ind1=" " ind2=" ">
    <subfield code="c">1025</subfield>
    <subfield code="d">1025</subfield>
  </datafield>
</record>
